000 00350nam a2200145 i 4500
001 bg
100 1 _aCUKKERMAN, I. I.
245 0 _aPreobrazovanija elektronnych izobrażenii /
_cJ.J. Cukkerman.
260 _aLeningrad,
_c1972.
040 _cBPK
041 _apol
080 _a621.383
942 _cKS
008 s pl f |000 0 pol
999 _c14961
_d14961
856 _uhttp://koha.tu.koszalin.pl/cgi-bin/koha/opac-detail.pl?biblionumber=14961
_yKatalog online BPK